| 000 | 00699nam a2200229 a 4500 | ||
|---|---|---|---|
| 005 | 20241011063804.0 | ||
| 008 | 991125s1985 mx 000 0 spa u | ||
| 020 | _a9682100020 | ||
| 035 | _aUPN01000049444 | ||
| 040 |
_aUPN _bspa _cUPN |
||
| 049 | _aCG | ||
| 050 | 4 |
_aBF724 P4 _bB3.68 |
|
| 100 | 1 |
_aDe Bartolomeis, Francesco, _d1918- _935970 |
|
| 245 | 1 | 3 |
_aLa psicología del adolescente y la educación / _cFrancisco de Bartolomeis ; tr. Paulino García Moya. |
| 260 |
_aMéxico : _bRoca, _c1985. |
||
| 300 | _a334 p. | ||
| 440 | 0 |
_aRoca pedagogía ; _v3 |
|
| 650 | 4 |
_aPsicología del adolescente _91013 |
|
| 650 | 4 |
_aEducación de adolescentes _9252 |
|
| 905 | _aLibro | ||
| 942 |
_2lcc _cLIBRO |
||
| 999 |
_c49444 _d49444 |
||